000 00823nam a2200241 4500
003 OSt
005 20240716072101.0
006 a
008 240716b |||||||| |||| 00| 0 eng d
020 _a0071460454
040 _aDWCL-Main lib.
_cOC
082 _2Second edition
_aCirc. 658.404 G562 2006
245 _aGlobal project management handbook: planning, organizing, and controlling international projects /
250 _aSecond edition
260 _aN. Y. :
_bMcGraw-Hill,
_cc2006.
300 _axv
_b(various paging) : ill. ;
_c23 cm.
504 _aIncludes bibliographical references and index.
650 _a1. Project management.
650 _a2. International business enterprises-Management.
700 _aDavid I. Cleland
700 _aRoland Gareis
942 _2ddc
_n0
_cBK-CIRC
_eSecond edition
_kCirc.
999 _c2266
_d2266